[Event "Netanya op"]
[Site "Netanya"]
[Date "2019.06.28"]
[Round "6"]
[White "Slobodiansky, Steven"]
[Black "Kushnir, Arie"]
[Result "1-0"]
[WhiteElo "2106"]
[BlackElo "1665"]
[PlyCount "87"]
[EventDate "2019.06.23"]
[EventType "swiss"]
[EventRounds "9"]
[EventCountry "ISR"]
[SourceTitle "CBM 191 Extra"]
[Source "ChessBase"]
[SourceDate "2019.09.30"]
[SourceVersion "1"]
[SourceVersionDate "2019.09.30"]
[SourceQuality "1"]

1. e4 e5 2. Nf3 Nf6 3. Nxe5 d6 4. Nf3 Nxe4 5. Nc3 Nxc3 6. dxc3 Be7 7. Be3 Nc6 8. Qd2 Be6 9. 0-0-0 Na5 10. Qd4 0-0 11. Qa4 b6 12. Bd3 d5 13. Qf4 c5 14. Ng5 Bxg5 15. Qxg5 Qxg5 16. Bxg5 f6 17. Bf4 Nc6 18. Rhe1 Bf7 19. Bb5 Rac8 20. Bd6 Rfd8 21. Ba6 Ra8 22. Bb7 Rab8 23. Bxb8 Nxb8 24. Re7 Kf8 25. Rc7 Be6 26. Bxd5 Rxd5 27. Rxd5 Bxd5 28. Rc8+ Ke7 29. Rxb8 Bxg2 30. Rc8 Kd6 31. Rg8 g5 32. Rg7 Be4 33. Rxa7 h5 34. Kd2 Ke5 35. Ke3 Bxc2 36. Rb7 Bb1 37. a3 f5 38. Rxb6 f4+ 39. Ke2 c4 40. Rb5+ Kf6 41. a4 Be4 42. a5 h4 43. f3 g4 44. fxe4 1-0

[Event "Netanya op"]
[Site "Netanya"]
[Date "2019.06.25"]
[Round "3"]
[White "Kushnir, Arie"]
[Black "Brenner, Moshe"]
[Result "1-0"]
[WhiteElo "1665"]
[BlackElo "2098"]
[PlyCount "92"]
[EventDate "2019.06.23"]
[EventType "swiss"]
[EventRounds "9"]
[EventCountry "ISR"]
[SourceTitle "CBM 191 Extra"]
[Source "ChessBase"]
[SourceDate "2019.09.30"]
[SourceVersion "1"]
[SourceVersionDate "2019.09.30"]
[SourceQuality "1"]

1. e4 c6 2. d4 d5 3. Nd2 dxe4 4. Nxe4 Bf5 5. Ng3 Bg6 6. Nf3 Nd7 7. h4 h6 8. Bd3 Bxd3 9. Qxd3 Ngf6 10. Bd2 e6 11. 0-0-0 Qc7 12. Ne4 0-0-0 13. g3 Nxe4 14. Qxe4 Nf6 15. Qe2 Bd6 16. Kb1 Rhe8 17. c4 c5 18. Bc3 cxd4 19. Nxd4 a6 20. Rc1 Bc5 21. Nb3 e5 22. Nxc5 Qxc5 23. b4 Qc6 24. Rhe1 Nd7 25. Qb2 f6 26. b5 Qc5 27. Bb4 Qc7 28. Qa3 Nb8 29. Red1 e4 30. Bd6 Qb6 31. Rd5 Re6 32. Rcd1 Ree8 33. Ka1 Rd7 34. c5 Qxb5 35. c6 Qxc6 36. Rc1 Red8 37. Rxc6+ Nxc6 38. Qc5 g6 39. Kb2 f5 40. Kc3 h5 41. a4 Re8 42. Bf4 Rde7 43. Rd6 Re6 44. Qd5 R6e7 45. Rxc6+ bxc6 46. Qxc6+ Kd8 1-0

[Event "Netanya op"]
[Site "Netanya"]
[Date "2019.06.24"]
[Round "2"]
[White "Cohen Revivo, Alon"]
[Black "Kushnir, Arie"]
[Result "0-1"]
[WhiteElo "2036"]
[BlackElo "1665"]
[PlyCount "58"]
[EventDate "2019.06.23"]
[EventType "swiss"]
[EventRounds "9"]
[EventCountry "ISR"]
[SourceTitle "CBM 191 Extra"]
[Source "ChessBase"]
[SourceDate "2019.09.30"]
[SourceVersion "1"]
[SourceVersionDate "2019.09.30"]
[SourceQuality "1"]

1. d4 d5 2. c4 e6 3. Nc3 Nf6 4. cxd5 exd5 5. Bg5 Be7 6. e3 Nbd7 7. Bd3 h6 8. Bh4 0-0 9. Nge2 c6 10. Qc2 b6 11. 0-0-0 b5 12. Kb1 Nb6 13. h3 a5 14. Bxf6 Bxf6 15. e4 a4 16. e5 Be7 17. Nc1 Bd7 18. N3e2 Nc4 19. Bf5 Qc8 20. g4 b4 21. Qd3 Be6 22. f4 Qb7 23. Ng3 b3 24. a3 Bxa3 25. Nh5 Bxb2 26. Nf6+ gxf6 27. Rh2 Bxc1 28. Bxe6 fxe6 29. Rxc1 a3 0-1